000 00972nac a22002891i 4500
003 EG-ScBUE
005 20260309100910.0
008 260222s2005 ii a f b 001 0 eng d
020 _a8178089653
020 _a9788178089652
040 _aEG-ScBUE
_beng
_erda
_cEG-ScBUE
_dEG-ScBUE
082 0 4 _a570.15195
_bZAR
_222
100 1 _aZar, Jerrold H.,
_d1941-
_eauthor.
245 1 0 _aBiostatistical analysis /
_cJerrold H. Zar, Department of Biological Sciences, Northern Illinois University.
250 _aFourth edition.
250 _aLow price edition.
264 1 _aNew Delhi :
_bPearson Education,
_c2005.
300 _a1 volume (various pagings) :
_billustrations ;
_c25 cm
336 _2rdacontent
_atext
_btxt
337 _aunmediated
_2rdamedia
_bn
338 _avolume
_bnc
_2rdacarrier
500 _aIncludes Appendices.
504 _aIncludes bibliographical references and index.
650 7 _aBiometry.
_2BUEsh
655 _vReading book
942 _cBB
_2ddc
999 _c1300
_d1300